00768nam a22001937a 4500003000900000008004100009020001800050040007100068082001800139100001800157245006300175260003200238300002600270505017600296650001900472650003100491700002300522700002900545AR-CdUCM190319b ||||| |||| 00| 0 spa d a84-283-0977-9 aMUNICIPALIDAD PROVINCIAL DEL CUSCOcBIBLIOTECA MUNICIPAL DEL CUSCO a517.47 /bS61 aSmirnov, N.V. aCálculo de probabilidades y estadística matemática / aMadrid :bParaninfo,c1979. a578 paginas ;c21 cm. aContenido :Razón frecuencial y probabilidad -- Probabilidad condicional -- Composición de los experimentos -- Magnitudes aleatorias -- Ley normal de distribución ... aProbabilidades aEstadística matemática aDunin-Barkovski, I aRusler, Raul (traductor)